000 00667nam a22002417a 4500
003 UA-OsUOA
001 29978
007 ta
008 20041102b un ||||| |||| 00| 0 ukr d
090 _a908(477.81):929
_bІ 99
942 _cBK
040 _aUA-OsUOA
_bukr
_cUA-OsUOA
_dUA-OsUOA
245 _aІз криниці печалі
_bзбірник спогадів та документів
_cред. Є.Шморгун
300 _a104 с.
955 _a5
041 _aukr
080 _a908(477.81):929
260 _aРівне
_bАзалія
_c1993
246 3 1 _aВип.1
_n
044 _aUA
650 7 _a908 Краєзнавство
_2UDC
999 _c316378
_d316378